01065nam a22001937a 450000500170000000800410001704000070005804100080006508200180007310000160009124500180010726000430012530000240016852005980019265000240079065000200081465000190083470000180085320230208145731.0230203b ||||| |||| 00| 0 eng d cAL aeng 223bMAHAa954 aV D Mahajan aAncient India aNew DelhibS Chand & Company Ltdc1990 axxiv,860bPBc21x14 aAncient Indian history has always been mystical; more so a virtual utopia for historians and researchers. This scholarly text narrates the ancient Indian history from the genesis of civilisations to the early middle ages. It examines the sources, chronology of civilisations and authoritatively details the facts, feats, triumphs and religious crusades of the period. It unveils the rich cultural, religious and social diversity that is uniquely and peculiarly Indian. The book is of immense use to students and scholars of history and for candidates preparing for civil services examinations. aPre Historic People aHarappa Culture aRigvedic India aMAHAJAN (V D)